000 00744nam a2200229 a 4500
999 _c4330
_d4330
001 4330
003 BD-JhCC
005 20190718134014.0
008 171126s2007 bg |||| ||a| 00| 0 ben d
020 _a9844105560
035 _a(BD-JhCC) 4330
040 _aBD-JhCC
_dBD-JhCC
041 _aben
082 _a808.882
_bSHA 2007
245 _aশেক্সপিয়ারের বাণী /
_cকাজী মো: সিদ্দিকুর রহমান
260 _aঢাকা :
_bমাওলা ব্রাদার্স ঢাকা ,
_c2007
300 _a122 p .:
_c22 cm .
650 _aQuotations
856 _3রহমান, কাজী মো: সিদ্দিকুর
942 _2ddc
_cBK
_01